Southville International School and Colleges
Your cart is empty.
  • Cart
  • Lists
    Public lists Eva Luna New books Lux_list list_1
    Your lists Log in to create your own lists
  • Log in to your account
  • Your cookies
  • Search history
Southville International School and Colleges
  • Advanced search
  • Recent comments
  • Most popular
  • Libraries

Log in to your account

Log in with GOOGLE


If you do not have an external account, but do have a local account, you can still log in:

  1. Home
  2. MARC view: TOEFL iBT :
Normal view MARC view ISBD view

TOEFL iBT : (Record no. 117961)

[ view plain ]
MARC details
000 -LEADER
fixed length control field 00743nam a2200217Ia 4500
008 - FIXED-LENGTH DATA ELEMENTS--GENERAL INFORMATION
fixed length control field 140609s9999 xx 000 0 und d
020 ## - INTERNATIONAL STANDARD BOOK NUMBER
International Standard Book Number 9781438072845
050 ## - LIBRARY OF CONGRESS CALL NUMBER
Classification number PE 1128
Item number .Sh5 2013
100 ## - MAIN ENTRY--PERSONAL NAME
Personal name Sharpe, Pamela J.
245 ## - TITLE STATEMENT
Title TOEFL iBT :
Remainder of title internet-based test /
Statement of responsibility, etc Pamela J. Sharpe
250 ## - EDITION STATEMENT
Edition statement 14th ed.
260 ## - PUBLICATION, DISTRIBUTION, ETC. (IMPRINT)
Place of publication, distribution, etc Hauppauge, NY :
Name of publisher, distributor, etc Barron’s,
Date of publication, distribution, etc c2013.
300 ## - PHYSICAL DESCRIPTION
Extent 808 p. :
Other physical details ill. ;
Dimensions 28 cm.
Accompanying material + 10 sound discs (digital ; 4 3/4 in).
500 ## - GENERAL NOTE
General note Includes glossary.
521 ## - TARGET AUDIENCE NOTE
Target audience note
650 ## - SUBJECT ADDED ENTRY--TOPICAL TERM
Topical term or geographic name as entry element English language
General subdivision Examinations --Study guides.
650 ## - SUBJECT ADDED ENTRY--TOPICAL TERM
Topical term or geographic name as entry element English language
General subdivision Sound recordings for foreign speakers.
650 ## - SUBJECT ADDED ENTRY--TOPICAL TERM
Topical term or geographic name as entry element Test of English as a Foreign Language
General subdivision Study guides.
942 ## - ADDED ENTRY ELEMENTS (KOHA)
Call number prefix Foreign
Koha item type Books
Holdings
Withdrawn status Lost status Damaged status Home library Current library Shelving location Date acquired Cost, normal purchase price Total Checkouts Total Renewals Full call number Barcode Date last seen Date checked out Price effective from Koha item type
      College Library College Library Reserve Section 06/09/2014 1855.00 4 15 PE 1128 .Sh5 2013 C18249 03/11/2025 02/25/2025 06/09/2014 Books

TOEFL iBT :

APA

Sharpe P. J., . (2013). TOEFL iBT. Hauppauge, NY: Barron’s.

Chicago

Sharpe Pamela J, . 2013. TOEFL iBT. Hauppauge, NY: Barron’s.

Harvard

Sharpe P. J., . (2013). TOEFL iBT. Hauppauge, NY: Barron’s.

MLA

Sharpe Pamela J, . TOEFL iBT. Hauppauge, NY: Barron’s. 2013.

  • Place hold
  • Print
  • Cite
  • Add to your cart (remove)
  • Save record
    BIBTEX Dublin Core MARCXML MARC (non-Unicode/MARC-8) MARC (Unicode/UTF-8) MARC (Unicode/UTF-8, Standard) MODS (XML) RIS
  • More searches
    Search for this title in:
    Other Libraries (WorldCat) Other Databases (Google Scholar) Online Stores (Bookfinder.com) Open Library (openlibrary.org)

Exporting to Dublin Core...

SOUTHVILLE LIBRARY

Southville International School and Colleges Library

1281 Tropical Ave. Cor. Luxembourg St., BF Homes International, Las Pinas City

Tel. No. 8256374 / 252358 Loc. 117/146

Powered by Koha